Tous les chapitres de My Hero Academia - Statistiques

Statistiques générales
  • Ce quiz a été pris 13 fois
  • Le résultat moyen est 33 sur 431
Statistiques - réponses
Titre % Correct
19 All Might
71%
88 All for One
57%
1 Izuku Midoriya : les origines
57%
62 Katsuki Bakugo : les origines
57%
92 One for All
57%
39 Shoto Todoroki : les origines
57%
353 Endeavor
43%
129 Eri
43%
103 L'examen
43%
76 My Hero
43%
430 My Hero Academia
43%
125 Overhaul
43%
8 Déchaîne-toi, maudit nerd !
29%
83 Défaite
29%
9 Deku contre Katchan
29%
424 Epilogue
29%
55 Fin du combat ?!
29%
56 Fin du combat !
29%
138 Go !
29%
36 Katsuki vs Ochaco
29%
386 La cavalerie est là
29%
429 La cavalerie est là !
29%
169 La fête de Yuei
29%
152 Lemillion
29%
192 Les Todoroki
29%
150 Mirio Togata
29%
117 On va causer de ton alter !
29%
281 Plus ultra
29%
144 Red Riot (1)
29%
145 Red Riot (2)
29%
280 Red Riot (3)
29%
38 Shoto vs Izuku
29%
381 Ténèbres
29%
237 Tomura Shigaraki : les origines
29%
388 Toya
29%
157 100% à l'infini !
14%
410 Adieu, All for One !
14%
99 Adieu les chapitres à deux chiffres !
14%
406 Affine ton alter !
14%
308 A fond
14%
243 Agence Endeavor, nous voilà !
14%
229 All it takes is one bad day
14%
409 "Alter : explosion !!"
14%
331 America
14%
400 Au-delà...
14%
369 Au fil des ans
14%
349 Battle flame
14%
41 Bonne chance, Tenya !
14%
31 Celui qui avait tout
14%
286 Ces personnes dans nos têtes
14%
87 Choc
14%
338 Comment on est devenu des héros (1)
14%
341 Comment on est devenu des héros (-1)
14%
339 Comment on est devenu des héros (2)
14%
340 Comment on est devenu des héros (3)
14%
378 Comment on est devenu des héros (4)
14%
324 Cri du coeur
14%
290 Danse macabre
14%
363 Défenseurs et attaquants
14%
119 Deku contre Katchan (2)
14%
320 Deku vs seconde A
14%
321 De la seconde A au OFA
14%
420 De Shota à...
14%
53 De Shoto à Tenya
14%
273 Destruction massive
14%
84 De Tenya à Izuku
14%
351 Deux poings incandescents
14%
249 Dîner infernal chez les Todoroki
14%
345 Division
14%
427 Qui était Tomura Shigaraki ?
14%
186 Endeavor et Hawks
14%
250 Ending
14%
311 Enfin !!
14%
251 En une semaine
14%
287 Erreur
14%
234 Eveil
14%
3 Examen d'entrée
14%
64 Exercices
14%
12 Fonce, Tenya !
14%
416 Frappe-le au coeur, Izuku !!
14%
373 Friends
14%
17 Game over
14%
171 Gentle et Love Lover
14%
174 Golden Tips Imperial
14%
219 Go, Slidin-Go !
14%
322 Great God Bomberkill Dynamight
14%
368 Gronde, One for All !
14%
239 Héritier
14%
425 Hors saison
14%
241 Interviews
14%
123 Invincible
14%
305 Izuku Midoriya et Tomura Shigaraki
14%
304 Izuku Midoriya et Toshinori Yagi
14%
422 Izuku Midoriya : l'envol
14%
354 Je suis là !
14%
337 Jetable
14%
285 Katsuki Bakugo : l'envol
14%
11 Katsuki sur la ligne de départ
14%
71 Kota
14%
428 La fille qui aime les sourires
14%
399 Lampe organique
14%
314 La sublime Lady Nagant
14%
405 Le boss final
14%
195 Le choc des seconde
14%
218 Le front de libération des facultés para-humaines
14%
2 Le grondement des muscles
14%
300 L'enfer des Todoroki
14%
426 L'enfer des Todoroki : fin
14%
365 Le numéro quatre et la numéro cinq
14%
61 Le pire des duos
14%
132 Le plan
14%
412 Le plus cinglé de tous les héros
14%
411 Le plus grand de tous les vilains
14%
323 Le premier pas
14%
206 Le résultat du troisième match
14%
387 Le sang des Himura
14%
190 Les débuts d'un numéro un
14%
335 Les embryons
14%
292 Les fils de l'espoir
14%
407 Les orphelins de l'extraordinaire
14%
22 Les raisons d'Ochaco
14%
393 Les sentiments d'une adolescente
14%
91 Le symbole de la paix
14%
297 Le Tartare
14%
52 Le tueur de héros vs les élèves de Yuei
14%
343 Let you down
14%
362 Light Fades to Rain
14%
20 L'univers des pros
14%
214 Mêlée générale
14%
371 Mezo et nous
14%
262 Mirko, la numéro cinq
14%
63 Momo Yaoyorozu : l'envol
14%
431 More
14%
220 My Villain Academia
14%
253 Oboro
14%
394 Ochaco Uraraka vs Himiko Toga
14%
423 One for All vs All for One
14%
264 One's justice
14%
45 Opération "noms de code"
14%
414 Overlay
14%
240 Pouvoir
14%
208 Quatrième match : conclusion
14%
25 Quelle belle altérité !
14%
46 Qui est le mystérieux Gran Torino ?!
14%
224 Renaissance
14%
68 Rencontre
14%
275 Rencontre (2)
14%
108 Rush !
14%
230 Sad man's parade
14%
359 Scolarité
14%
390 Shoto Todoroki : l'envol
14%
43 Shoto vs Katsuki
14%
74 Signal
14%
256 Sous un ciel d'azur
14%
140 Sun Eater
14%
4 Sur la ligne de départ
14%
235 Tenko Shimura : les origines
14%
236 Tenko Shimura : les origines (2)
14%
403 The end of an era, and...
14%
316 The next
14%
402 The tearful days
14%
332 Tiamat
14%
398 Toshinori Yagi : les origines / l'envol
14%
120 | 269 Tous les trois
14%
142 Trois boucliers et une lance
14%
147 Twogaice !
14%
161 Un avenir radieux
14%
329 Une tornade de puissance venue de l'ouest
14%
376 Un vent mauvais
14%
34 Victoire dans la défaite
14%
116 Visite au Tartare
14%
15 Vs
14%
421 WE ARE HERE
14%
70 Wild Wild Pussycats
14%
283 75%
0%
279 Alliance des super-vilains vs Yuei
0%
232 Alters et facultés para-humaines
0%
226 Amour sanglant
0%
198 Analyser ses faiblesses
0%
361 Anomalie
0%
143 A nous deux, Kendo !
0%
282 Apocalypse Now
0%
255 Apprentis héros
0%
124 Apprentissage héroïque : les prémices
0%
114 Après les résultats
0%
113 Après l'examen
0%
137 Arrêtez-les !
0%
100 Attaques spéciales
0%
395 Au-delà du bonheur
0%
77 Autorisation de riposter
0%
86 Avant la tempête
0%
111 Avis de tempête
0%
75 Bats-toi au péril de ta vie !
0%
272 Bien dormi ?
0%
136 Bientôt !!
0%
375 Bienvenue au chaos
0%
128 Boy meets...
0%
374 Butterfly effect
0%
334 Cadeau d'adieu
0%
223 Cafards
0%
278 Catastrophe ambulante
0%
10 Cède, Katsuki !
0%
6 Ce dont je suis capable pour le moment
0%
162 Celui qui en est digne
0%
364 Ce pour quoi les héros se battent
0%
377 Ce qui a conduit à cet instant
0%
276 C'est de la triche
0%
24 Chacun pour soi
0%
348 Chagrin d'amour
0%
268 Chaos
0%
231 Chemin
0%
216 Choc des classes, le bilan
0%
289 Coeur scellé et coeur ouvert
0%
177 Combat dans les hauteurs
0%
284 Combat dans un ciel d'azur
0%
356 Connaître son ennemi
0%
328 Connexions
0%
291 Content que tu ailles bien
0%
197 Contrer les alters !
0%
40 Couper le cordon
0%
191 Crématorium, Hawks, Endeavor
0%
107 Dans la tête de Denki Kaminari
0%
78 | 81 Dans la tourmente
0%
315 De belles paroles
0%
121 Début du second semestre
0%
176 Deku contre le gentleman criminel
0%
367 Deku vs All for One
0%
104 Démonstration de force
0%
319 Des amis
0%
164 Des gamins précoces
0%
29 Des secrets bien gardés
0%
419 Dessein
0%
418 D'Izuku à Tenko
0%
317 Du sang et des cicatrices
0%
193 Echo
0%
133 Eijiro en action !
0%
42 Enfin la finale !
0%
130 En quête de vérité
0%
13 Entraînement au sauvetage
0%
69 Entretien avec Izuku
0%
225 Entretien avec un vampire
0%
228 Esprit brisé
0%
67 Faites peau neuve !
0%
355 Figurants
0%
159 Fin de la mission
0%
267 Flammes
0%
47 Frémissements
0%
165 Gagner le coeur des enfants
0%
73 Good evening
0%
380 Grave chaud
0%
266 Happy life
0%
185 Hawks, le héros ailé
0%
370 HIStory
0%
196 Hitoshi en action !
0%
379 Hopes
0%
347 Hypertrophie
0%
309 Il est temps de quitter le nid
0%
288 Il faut sauver Takeo !
0%
382 Il n'ira nulle part !
0%
252 Impardonnable
0%
54 Ingenium, le retour
0%
146 Intérimaires
0%
384 It's a small world
0%
37 Izuku et Endeavor
0%
49 Izuku et Tomura
0%
385 Jeunesse impulsive
0%
50 Je vais le massacrer !
0%
66 Journal d'observation de la seconde A
0%
242 Joyeux Noël !
0%
203 Juzo sur tous les fronts
0%
101 La dénommée Mei Hatsume
0%
93 La dernière étincelle du One for All
0%
30 La dernière minute
0%
179 La fête de Yuei commence !
0%
215 L'affrontement final : Izuku vs Hitoshi
0%
183 La fin de la fête
0%
350 La flamme de la rancoeur
0%
383 La force des faibles
0%
80 La garde rapprochée de Katsuki
0%
312 L'agent du mal
0%
207 La meilleure défense, c'est l'attaque
0%
277 La mémoire de qui ?
0%
313 La mitrailleuse vivante
0%
122 La saison des rencontres
0%
106 La seconde A
0%
357 La supernova d'un héros blessé
0%
199 Le baptême des nouvelles techniques
0%
221 Le cadeau d'All for One
0%
33 Le cas "Hitoshi Shinso"
0%
210 L'écho du One for All
0%
209 Le cinquième match
0%
148 Le code d'honneur des super-vilains
0%
102 Le coeur qui s'envole
0%
151 Le combat de Mirio Togata
0%
95 Le début et la fin
0%
294 Le dernier numéro
0%
72 Le deuxième jour
0%
200 Le duel des stratèges
0%
139 Le labyrinthe souterrain
0%
175 Le matin du jour J
0%
296 L'enfer sur terre
0%
172 Le plus amusant, c'est les préparatifs (1)
0%
173 Le plus amusant, c'est les préparatifs (2)
0%
156 Le pouvoir d'Eri
0%
160 Les dangers de la route
0%
187 Les flammes de la fureur vs High End
0%
18 Les héros contre-attaquent
0%
261 Les High Ends
0%
141 Les huit pions
0%
213 Le siège de l'âme
0%
325 Les liens du One for All
0%
57 Les retombées de l'affaire Stain
0%
417 Les Shimura
0%
342 Le super-calme avant la tempête
0%
397 Le temps de faire le ménage
0%
189 L'étoffe des héros
0%
184 Le top japonais des super-héros
0%
303 Le top trois
0%
168 L'étrange attitude de Yuga
0%
211 L'héritage (1)
0%
212 L'héritage (2)
0%
270 L'héritier
0%
238 Libération
0%
105 L'infiltration de Shiketsu
0%
65 L'obstacle
0%
260 L'oeuvre de toute une vie
0%
178 Love Lover
0%
131 Lutte contre le destin
0%
310 Maître et disciple
0%
360 Malgré une défaite
0%
97 Maman ne mâche pas ses mots
0%
330 Me and I
0%
246 Message
0%
94 Message de maître à disciple
0%
153 Métamorphose
0%
372 Naked
0%
51 Ne fais pas ça, Tenya !
0%
27 Négociations décisives
0%
295 Ne pas lâcher prise
0%
149 Ne t'énerve pas, mon petit Joi !
0%
127 Night Eye, Izuku, Mirio et All Might
0%
392 Nom de code
0%
167 Nouveau départ pour le numéro un
0%
217 Nouveaux pouvoirs et All for One
0%
271 Nuages noirs
0%
404 On t'aime, All Might !!
0%
182 Oublier les mauvais souvenirs
0%
306 Ouverture du dernier acte
0%
247 Parlez-moi de vous !
0%
344 Personnage principal
0%
366 Pleine lune
0%
79 Poing d'acier
0%
258 Potes
0%
181 Pour elle
0%
194 Premiers frimas
0%
257 Prends ce pouvoir, qui que tu sois !
0%
90 Prends ma main !
0%
23 Prêts pour le championnat
0%
389 Prières et soulagement
0%
205 Priorité
0%
326 Qui es-tu ?
0%
82 Rebondissements en série
0%
274 Recherche
0%
244 Recommandation
0%
415 Rejet
0%
14 Rencontre avec l'inconnu
0%
170 Rendez-vous avec Eri
0%
327 Repose-toi
0%
44 Repos réparateur
0%
58 Retour de stage
0%
59 Révélations : les origines du One for All
0%
16 Sale temps pour les super-vilains
0%
155 Sauvés, sauveurs, héros
0%
391 Si le monde entier me rejette...
0%
109 Simulation de sauvetage (1)
0%
110 Simulation de sauvetage (2)
0%
227 Sommeil
0%
245 Soulèvement
0%
32 Souris, roi du n'importe quoi !
0%
333 Spectre
0%
336 Super-vilain
0%
28 Tactiques, plans et stratégies
0%
352 Techniques spéciales
0%
318 Tête brûlée
0%
401 The lunatic
0%
134 Tiens bon, Red Riot !
0%
222 Tomura Shigaraki : distorsion
0%
188 Ton père, le numéro un des héros
0%
98 Tous à l'internat
0%
7 Tous en costume !
0%
408 Tout est dans le regard
0%
89 Tout pour lui
0%
35 Tremble, outsider !
0%
202 Troisième manche
0%
204 Tuning
0%
254 Tu voulais tellement être un héros
0%
298 Un bruit d'effritement
0%
118 Un combat absurde
0%
396 Un combat sans alter
0%
48 Un coup de main à prendre
0%
166 Un cours réconfortant
0%
85 Une belle bande de crétins
0%
26 Une cible dessinée sur le dos
0%
299 Une enfance difficile
0%
158 Une étrange conception de la gratitude
0%
201 Une longueur d'avance
0%
413 Une masse sombre
0%
126 Une porte vers l'avenir
0%
21 Une précieuse expérience
0%
5 Une rentrée explosive
0%
135 Une sale histoire
0%
293 Une société saturée de héros
0%
154 Un espoir invisible
0%
60 Un examen à ne pas louper !
0%
301 Un feu mal éteint (1)
0%
302 Un feu mal éteint (2)
0%
163 Un feu qui couve
0%
180 Un héros de l'ombre
0%
115 Unleashed
0%
346 Un niveau super méga hardcore
0%
248 Un pas après l'autre
0%
358 Un petit pas en avant
0%
259 Un premier acte discret
0%
307 Un revenant
0%
233 Utopie
0%
265 Vilains et héros
0%
96 Visites à domicile
0%
112 Vous êtes complètement malades !
0%
263 Vous me manquez trop, les gars !!!
0%
Aucun quiz correspondant
Distribution des résultats
% des personnes avec chaque résultat
Percentile par nombre de réponses
Votre historique - résultats
Vous n’avez pas pris ce quiz